Herrschaftstechniken im Sumpf und ihre Reichweiten
| Titel: | Herrschaftstechniken im Sumpf und ihre Reichweiten : Landschaftsinterventionen und Social Engineering in Polesien von 1914 bis 1941 / Diana Siebert |
|---|---|
| Verfasser: | |
| Veröffentlicht: | Wiesbaden : Harrassowitz Verlag, 2019 |
| Umfang: | 570 Seiten, 1 ungezählte Seite mit einer Karte : Illustrationen, Karten ; 24 cm x 17 cm |
| Format: | Buch |
| Sprache: | Deutsch |
| Schriftenreihe/ mehrbändiges Werk: |
Historische Belarus-Studien ; Band 9 |
| RVK-Notation: |
·
|
| ISBN: | 9783447112291 ; 3447112298 |
| Hinweise zum Inhalt: |
Inhaltsverzeichnis
|
alg: 44890109 001A $03025:22-05-19 001B $01999:09-05-25 $t18:43:42.000 001D $00043:18-06-19 001U $0utf8 001X $00 002@ $0Aau 002C $aText $btxt $2rdacontent 002D $aohne Hilfsmittel zu benutzen $bn $2rdamedia 002E $aBand $bnc $2rdacarrier 003@ $0448901099 003O $01090778110 $aOCoLC 004A $A978-3-447-11229-1 $fBroschur : EUR 74.00 004A $03-447-11229-8 004K $09783447112291 006G $01181458803 006T $019,N13 006U $022,A19 $f20190322 007A $01181458803 $aDNB 007G $0DE02099A63043702067B5C12585F8002B2BBD 009P $qapplication/pdf $A2 $3Inhaltsverzeichnis $uhttp://scans.hebis.de/HEBCGI/show.pl?44890109_toc.pdf $mV:DE-603;B:DE-Mb50 010@ $ager 010E $erda 011@ $a2019 021A $aHerrschaftstechniken im Sumpf und ihre Reichweiten $dLandschaftsinterventionen und Social Engineering in Polesien von 1914 bis 1941 $hDiana Siebert 028A $BVerfasser $4aut $7173069460 $8Siebert, Diana$Z1957- [Tp1] $9297250604 033A $pWiesbaden $nHarrassowitz Verlag 034D $a570 Seiten, 1 ungezählte Seite mit einer Karte 034I $a24 cm x 17 cm 034M $aIllustrationen, Karten 036E $aHistorische Belarus-Studien $x2197-800X $lBand 9 037A $aLiteraturverzeichnis Seite 551-570 044K $#Polesien $#Poles'e $#Polesie $#Polissja $#Palesse $#Polesė $#Polessje $#Polesskaja Nismennost $#Polissja $#Pripjetsümpfe $#Rokitnosümpfe $#Polessien $#Палессе $#Полісся $#Полесье $74116022-8 $8Polesje [Tg1] $9085353361 044K $RWeißrussische Sozialistische Sowjetrepublik $#Belarus $#Weißrussland $#Belarus $#Беларусь $#Republik Belarus $#Weißrussland $#Belorussland $#Belaja Rusʹ $#Respublika Belarusʹ $#Republic of Belarus $#Republic Belarus $#République du Bélarus $#Republik Weißrußland $#Ruthènie-Blanche $#Weißruthenien $#Weissruthenien $#Belarusʹ $#Belorussija $74079143-9 $8Belarus [Tg1] $9085224537 044K $RPolen-Litauen $RKongresspolen $RWestgalizien $RStaat Krakau $#Generalgouvernement Polen $#Polska $#Rzeczpospolita Polska $#Polska Rzeczpospolita Ludowa $#Poland $#Pologne $#République Polonaise $#Generalne Gubernatorstwo w Polsce $#Polish People's Republic $#Polska Rzeczpospolita Polen $#PRL $#RP $#Polen Generalgouvernement $#Polska Generalgouvernement $#Besetzte Polnische Gebiete $#Besetztes Gebiet in Polen $#Okupowane Polskie Obszary $#Obszary Okupowane w Polsce $#Volksrepublik Polen $#Polska Rosyjska $#Republic Polen $#Respublika Pol'ša $#Pol'skaja Narodnaja Respublika $#République de Pologne $#Polen Links der Weichsel $#Polska po Lewej Stronie Wisły $#Lenkija $#Polija $#Gubernija Carstva Pol'skago $#Republik Polen $74046496-9 $8Polen [Tg1] $9085129801 044K $RUkrainische SSR $#Ukraine $#Ukraine $#Ukraine $#Украïна $#Ukrainische SSR $#Ukrajina $#Ukraina $#Ukraïna Ukraine $#Ukraina Ukraine $#Ukrajna $74061496-7 $8Ukraine [Tg1] $9085170801 044K $RPrimärer Sektor $RLandbau $#Agriculture $#Agriculture $#Agriculture $#Agricoltura $#Agricultura $#agriculture $#Agriculture $#Landwirtschaft $#Landwirtschaft $#Agrarwirtschaft $#Agrarsektor $#Landwirtschaftlicher Sektor $74034402-2 $8Landwirtschaft [Tsz] $9085092525 044K $RSozialer Wandel $RSozioökonomischer Wandel $REntwicklung $#modernization $#Modernisierung $#Entwicklung durch Modernisierung $#Modernisierung $74120755-5 $8Modernisierung [Ts1] $9085387134 044K $RSiedlungssystem $#Land settlement $#Colonies $#Human settlements $#Colonisation intérieure $#Colonies $#Asentamientos humanos $#Siedlung $#Besiedlung $#Siedlung $#Siedlung $#Besiedelung $#Besiedlung $#Siedlungsstätte $#Siedlungsgebiet $#Siedlungen $74054858-2 $8Siedlung [Ts1] $9085152625 044K $RGruppe $#Minorities $#Minorités $#Minderheit $#Minderheit $#Minderheit $#Minderheitsgruppe $#Minorität $#Minoritätsgruppe $74752223-9 $8Minderheit [Ts1] $9114439052 044K $RMacht $RTerritorium $#Power (Social sciences) $#Pouvoir (sciences sociales) $#Herrschaft $#Herrschaft $#Politische Herrschaft $#Oberherrschaft $#Oberhoheit $#Herrschaftsbildung $#Herrlichkeit Herrschaft $#Unterherrschaft $#Unterherrlichkeit $74024596-2 $8Herrschaft [Ts1] $9085061042 044K $qDNB $#Intervention $#Intervention $74162156-6 $8Intervention [Ts1] $9085714976 044K $qDNB $#Landscape changes $#Paysage Modifications $#Künstliche Landschaftsveränderungen $#Landschaftsgenese $#Landschaftsveränderung $#Landschaftswandel $74034348-0 $8Landschaftsentwicklung [Ts1] $9085092223 044K $qDNB $RAngewandte Soziologie $#Social engineering $#Ingénierie sociale $#Ingeniería social $#Sozialtechnologie $#Sozialtechnologie $#Social engineering $#Gesellschaftstechnik $#Sozialtechnik $#Soziotechnik $#Soziotechnologische Systemgestaltung $74181997-4 $8Sozialtechnologie [Ts1] $9085874116 045E $c940 $c910 $c320 045F $a909 $eDDC23BSB 045F/01 $a909 045F/03 $f0904 045F/03 $g438 045F/03 $g477 045F/03 $g478 045R $aGeschichte 1914-1941 045Z $8NQ 4687 [Tkv] $9410914827 045Z $8NQ 5055 [Tkv] $9410915017 046X $aArchivierung/Langzeitarchivierung gewährleistet $5DE-43 $fPEHE lok: 44890109 8 exp: 44890109 8 1 #EPN 201B/01 $005-05-23 $t20:22:31.000 201C/01 $020-05-22 201U/01 $0utf8 203@/01 $01202180906 208@/01 $a03-06-22 $bz 209A/01 $a/NQ 5055 S571 $du $f001 $x00 209G/01 $a20713070 $x00 209G/01 $a1. Obergeschoss $x01 247C/01 $8611001-0 <17/1>Darmstadt, TU Darmstadt, Universitäts- und Landesbibliothek - Schloss $9102595887 lok: 44890109 11 exp: 44890109 11 1 #EPN 201B/01 $018-06-19 $t13:10:28.000 201C/01 $018-06-19 201U/01 $0utf8 203@/01 $01053715145 208@/01 $a18-06-19 $bz 209A/01 $a60 19 A 722 $du $f100 $x00 209B/01 $a020/1906 $x05 209C/01 $aP 209G/01 $a84059617 $x00 247C/01 $8620100-3 <43>Wiesbaden, Hochschul- und Landesbibliothek RheinMain, Rheinstraße $9102599572 lok: 44890109 24 exp: 44890109 24 1 #EPN 201B/01 $005-06-20 $t11:42:14.000 201C/01 $008-05-20 201U/01 $0utf8 203@/01 $01104855054 208@/01 $a05-06-20 $bz 209A/01 $a20.01266 $du $f050 $h20 01266 $x00 209C/01 $a20.01266 K $h20 01266 K 209G/01 $a74184294 $x00 220C/01 $ajwa/hae 247C/01 $8358050-7Marburg, Bibliothek des Herder-Instituts Marburg $9102600961 lok: 44890109 25 exp: 44890109 25 1 #EPN 201B/01 $012-12-25 $t12:00:08.000 201C/01 $007-01-20 201U/01 $0utf8 203@/01 $0107445667X 208@/01 $a07-01-20 $bzis 209A/01 $aKd 100 / 9 $dd $f092 $x00 209C/01 $a20/3-1 Osteuropäische Geschichte 209G/01 $a77639104 $x00 209G/01 $aOsteuropäische Geschichte $x01 247C/01 $8651092-9 <77/092>Mainz, Universität Mainz, Bereichsbibliothek Philosophicum, Standort Osteuropäische Geschichte $9102600414 lok: 44890109 66 exp: 44890109 66 1 #EPN 201B/01 $013-01-23 $t11:18:42.000 201C/01 $013-01-23 201U/01 $0utf8 203@/01 $01224528212 208@/01 $a13-01-23 $bz 209A/01 $aG Sie-D/H $du $f000 $x00 209C/01 $a22/l1362 247C/01 $8618123-5 Darmstadt, Bibliothek des Deutschen Polen-Instituts $9102600902 lok: 44890109 78 exp: 44890109 78 1 #EPN 201B/01 $022-05-19 $t08:24:53.000 201C/01 $022-05-19 201U/01 $0utf8 203@/01 $01052025250 208@/01 $a22-05-19 $be 209A/01 $a/ $f000 $x00 209A/01 $ab*p $x01 220C/01 $apgar 244Z/01 $#Generalgouvernement Polen $#Polska $#Rzeczpospolita Polska $#Polska Rzeczpospolita Ludowa $#Poland $#Pologne $#République Polonaise $#Generalne Gubernatorstwo w Polsce $#Polish People's Republic $#Polska Rzeczpospolita Polen $#PRL $#RP $#Polen Generalgouvernement $#Polska Generalgouvernement $#Besetzte Polnische Gebiete $#Besetztes Gebiet in Polen $#Okupowane Polskie Obszary $#Obszary Okupowane w Polsce $#Volksrepublik Polen $#Polska Rosyjska $#Republic Polen $#Respublika Pol'ša $#Pol'skaja Narodnaja Respublika $#République de Pologne $#Polen Links der Weichsel $#Polska po Lewej Stronie Wisły $#Lenkija $#Polija $#Gubernija Carstva Pol'skago $#Republik Polen $74046496-9 $8--Tg1--Polen $x01 $9085129801 247C/01 $82080>Marburg/Lahn, Herder-Institut, Forschungsbibliothek, Bibliographieportal $9336309341 lok: 44890109 204 exp: 44890109 204 1 #EPN 201B/01 $020-08-19 $t14:24:31.000 201C/01 $001-08-19 201U/01 $0utf8 203@/01 $01056562412 208@/01 $a01-08-19 $bzUB 209A/01 $a000 NQ 4687 S571 $du $f000 $x00 209G/01 $a63516147 $x00 245S/01 $a10200 $x01 247C/01 $8631000-x <26>Gießen, Universität Gießen, Universitätsbibliothek Gießen $9102596697
| LEADER | 00000cam a2200000 c 4500 | ||
|---|---|---|---|
| 001 | 448901099 | ||
| 003 | DE-603 | ||
| 005 | 20250509184342.0 | ||
| 007 | tu | ||
| 008 | 190522s2019 xx |||| | u00||u|ger | ||
| 015 | |a 22,A19 |z 19,N13 |2 dnb | ||
| 016 | 7 | |2 DE-101 |a 1181458803 | |
| 020 | |a 9783447112291 |c Broschur : EUR 74.00 | ||
| 020 | |a 3447112298 | ||
| 024 | 3 | |a 9783447112291 | |
| 035 | |a (DE-599)DNB1181458803 | ||
| 035 | |a (OCoLC)1090778110 | ||
| 040 | |a DE-603 |b ger |c DE-603 |d DE-603 |e rda | ||
| 041 | |a ger | ||
| 082 | 0 | 4 | |8 1\u |a 909 |q DE-101 |2 23/BSB |
| 084 | |a 940 |a 910 |a 320 |q DE-101 |2 sdnb | ||
| 084 | |a NQ 4687 |0 (DE-625)128511: |0 (DE-603)410914827 |2 rvk | ||
| 084 | |a NQ 5055 |0 (DE-625)128530: |0 (DE-603)410915017 |2 rvk | ||
| 085 | |8 1\u |b 909 | ||
| 085 | |8 1\u |z 1 |s 0904 | ||
| 085 | |8 1\u |z 2 |s 438 | ||
| 085 | |8 1\u |z 2 |s 477 | ||
| 085 | |8 1\u |z 2 |s 478 | ||
| 100 | 1 | |a Siebert, Diana |d 1957- |e Verfasser |4 aut |0 (DE-603)297250604 |0 (DE-588)173069460 |2 gnd | |
| 245 | 0 | 0 | |a Herrschaftstechniken im Sumpf und ihre Reichweiten |b Landschaftsinterventionen und Social Engineering in Polesien von 1914 bis 1941 |c Diana Siebert |
| 264 | 1 | |a Wiesbaden |b Harrassowitz Verlag |c 2019 | |
| 300 | |a 570 Seiten, 1 ungezählte Seite mit einer Karte |b Illustrationen, Karten |c 24 cm x 17 cm | ||
| 336 | |a Text |b txt |2 rdacontent | ||
| 337 | |a ohne Hilfsmittel zu benutzen |b n |2 rdamedia | ||
| 338 | |a Band |b nc |2 rdacarrier | ||
| 490 | 0 | |a Historische Belarus-Studien |x 2197-800X |v Band 9 | |
| 500 | |a Literaturverzeichnis Seite 551-570 | ||
| 648 | 7 | |a Geschichte 1914-1941 |2 gnd | |
| 650 | 7 | |a Landwirtschaft |0 (DE-588)4034402-2 |0 (DE-603)085092525 |2 gnd | |
| 650 | 7 | |a Modernisierung |0 (DE-588)4120755-5 |0 (DE-603)085387134 |2 gnd | |
| 650 | 7 | |a Siedlung |0 (DE-588)4054858-2 |0 (DE-603)085152625 |2 gnd | |
| 650 | 7 | |a Minderheit |0 (DE-588)4752223-9 |0 (DE-603)114439052 |2 gnd | |
| 650 | 7 | |a Herrschaft |0 (DE-588)4024596-2 |0 (DE-603)085061042 |2 gnd | |
| 650 | 7 | |a Intervention |0 (DE-588)4162156-6 |0 (DE-603)085714976 |2 gnd | |
| 650 | 7 | |a Landschaftsentwicklung |0 (DE-588)4034348-0 |0 (DE-603)085092223 |2 gnd | |
| 650 | 7 | |a Sozialtechnologie |0 (DE-588)4181997-4 |0 (DE-603)085874116 |2 gnd | |
| 651 | 7 | |a Polesje |0 (DE-588)4116022-8 |0 (DE-603)085353361 |2 gnd | |
| 651 | 7 | |a Belarus |0 (DE-588)4079143-9 |0 (DE-603)085224537 |2 gnd | |
| 651 | 7 | |a Polen |0 (DE-588)4046496-9 |0 (DE-603)085129801 |2 gnd | |
| 651 | 7 | |a Ukraine |0 (DE-588)4061496-7 |0 (DE-603)085170801 |2 gnd | |
| 856 | 4 | 2 | |m V:DE-603;B:DE-Mb50 |q application/pdf |u http://scans.hebis.de/HEBCGI/show.pl?44890109_toc.pdf |3 Inhaltsverzeichnis |
| 924 | 0 | |9 17/1 |a (DE-603)1202180906 |b DE-17-1 |c HES |d b |g /NQ 5055 S571 |h 1. Obergeschoss | |
| 924 | 0 | |9 43 |a (DE-603)1053715145 |b DE-43 |c HES |d c |g 60 19 A 722 | |
| 924 | 0 | |9 Mb 50 |a (DE-603)1104855054 |b DE-Mb50 |c HES |d c |g 20.01266 | |
| 924 | 0 | |9 77/092 |a (DE-603)107445667X |b DE-77-092 |c HES |d d |g Kd 100 / 9 | |
| 924 | 0 | |9 Ds 123 |a (DE-603)1224528212 |b DE-Ds123 |c HES |d d |g G Sie-D/H | |
| 924 | 0 | |9 2080 |a (DE-603)1052025250 |b DE-2080 |c HES |d d |g / | |
| 924 | 0 | |9 26 |a (DE-603)1056562412 |b DE-26 |c HES |d c |g 000 NQ 4687 S571 | |


